| 000 | 01194nam a2200277Ia 4500 | ||
|---|---|---|---|
| 003 | IEPS | ||
| 005 | 20251215152027.0 | ||
| 008 | 250219s9999||||xx |||||||||||||| ||und|| | ||
| 040 | _cIEPS | ||
| 041 | _aara | ||
| 082 | _b796 | ||
| 100 | _aبولعباس، سمية | ||
| 245 | 0 | _aما مدى تأثير أسلوب التسيير للموارد البشرية على أداء الاتحادية و مردودها دراسة ميدانة في الاتحاد لجيدو | |
| 260 |
_aالجزائر _c2019 |
||
| 300 |
_a350 و. _c30سم. |
||
| 502 | _aدكتوراه | ||
| 502 | _cمعهد التربية البدنية و الرياضية، جامعة الجزائر 3 | ||
| 653 | _aالاتحادات الرياضية | ||
| 653 | _aالجودو | ||
| 653 | _aتسيير الموارد البشرية و المنشآت الرياضية | ||
| 653 | _aتسيير الموارد البشرية و المنشآت الرياضية | ||
| 700 | _aبن عكي، محند اكلي | ||
| 710 | _aمعهد التربية البدنية و الرياضية، جامعة الجزائر 3 | ||
| 856 | _u https://dspace.univ-alger3.dz/jspui/handle/123456789/3437 | ||
| 942 | _cأطروحات | ||
| 999 |
_c14264 _d14264 |
||